Guess the 1789 country - Statistics

General Stats
  • This quiz has been taken 17 times
  • The average score is 4 of 8
Answer Stats
Hint Answer % Correct
This country rested till now, just without the name Empire. It was and rested the Biggest country in the world Russian Empire/Russia
93%
This country is now the Capital city of the UAE. It is the biggest city next to Dubai. Abu Dhabi
87%
_ _ _ _ _ _ _ _ _ _ _ is a country that hasnt heavily changed since 1750 but its flag Nearly never changed (only 2 times) it was created 1291 with the s _ _ _ s „Rütlischwur“ and since then it only gained land since 1821. it is famous for its chocolate „Toblerone“ Switzerland
87%
_ _ _ _ was a country but since 1974 it is under control by New Zealand. it is in the middle of the Cook island and Tonga. its flag has also the british flag in it and The rest is fully yellow. Niue
67%
This country in 1789 was a thriving city in what is now southwestern Nigeria. It was a significant center of the Egba people, known for its strategic location atop rocky outcrops, which provided natural defense against invaders. The city was characterized by its bustling markets, vibrant cultural life, and a strong sense of community among its inhabitants. Abeokuta
20%
_ _ _ _ _ _ _ _, circa 1789, was a mountainous region located on the eastern coast of the Black Sea, bordered by Russia (Russian Empire) to the North and East and Turkey to the south. It was known for its rugged terrain, lush forests, and coastal beaches. Abkhazia
20%
_ _ _ _ _ in 1789 was a land of vast plains and dense forests, located in the heart of Africa. Its people were primarily farmers, growing crops such as maize, millet, and yams. The region was known for its rich cultural heritage, with traditional dances, songs, and ceremonies being an integral part of daily life. It was ruled by a king, who held both political and spiritual authority over his subjects. Lunda
7%
This Ex-Country in 1789 was a small, rural country situated in a lush valley surrounded by mountains. Its economy primarily relied on agriculture, with farmers cultivating crops such as wheat, barley, and dates. The people of _ _ _ _ _ _ _ _ lived in simple mud-brick houses clustered around a central marketplace where they traded goods and socialized. Abu Arish
0%
No matching quizzes found
Score Distribution
Percent of People with Each Score
Percentile by Number Answered
Your Score History
You have not taken this quiz